Statystyki dla MIASTA W POLSCE CHĘTNIE ODWIEDZANE PRZEZ TURYSTÓW ZZA GRANICY

Kliknij tutaj aby rozwiązać quiz!

Ogólne statystyki

  • Ten quiz został rozwiązany 78 razy
    (53 od ostatniego zresetowania)
  • Średni wynik to 5 z 6

Statystyki odpowiedzi

Odpowiedź% Poprawnych
WARSZAWA
100%
GDAŃSK
96%
KRAKÓW
96%
WROCŁAW
94%
POZNAŃ
90%
ZAKOPANE
63%

Rozkład punktacji

Percentyl według liczby udzielonych odpowiedzi

Procent ludzi z każdym wynikiem

Twoja historia wyników

Nie rozwiązałeś tego quizu od ostatniego zresetowania